• 首页
  • 本馆介绍
  • 公告通知
  • 最新文献
  • 馆藏检索
  • 电子资源
  • 读者导购
  • 参考咨询
  • 我的图书馆
  • 登录
  • 详细信息显示
  • 放入我的书架
  • 预约/预借图书
  • 作者相关作品
  • 分类相关作品
  • 丛书相关作品
  • 出版社相关作品

书目信息

  • 表格格式
  • 工作单格式
  • 卡片格式
题名:
关山飞渡
    
 
作者: 尼科乐斯 , 特罗蒂 著 ;林秀清 , 陈叙一 , 张建 , 满涛 译
分册:  
出版信息: 北京   中国电影出版社  1980.5
页数: 224页
开本: 19cm
丛书名: 外国电影剧本丛书
单 册:
中图分类: I13
科图分类:
主题词: 戏剧文学--作品集--世界
电子资源:
ISBN:
000 00923nam0 2200289 45
001 0306161113
005 20031219104110.5
010    @dCNY0.58
091    @a10061.343
100    @a20030616d1980 km y0chiy0120 ea
101 0  @achi@ceng
105    @a z 000by
200 1  @a关山飞渡@AGuan Shan Fei Du@AHuang Niu Can An@f(美)达·尼科乐斯著@F(Mei)Da·Ni Ke Yue Si Zhu@F(Mei)La Ma·Te Luo Di Zhu@g林秀清译@g陈叙一校@a黄牛惨案@f(美)拉马·特罗蒂著@g张建译@g满涛校
210    @a北京@c中国电影出版社@d1980.5
215    @a224页@d19cm
225    @a外国电影剧本丛书
410    @12001 @a外国电影剧本丛书
606 0  @a戏剧文学@x作品集@x世界
690    @aI13@v3
701  0 @a尼科乐斯@4著
701  0 @a特罗蒂@4著
702  0 @a林秀清@ALin Xiu Qing@4译
702  0 @a陈叙一@AChen Xu Yi@4校
702  0 @a张建@AZhang Jian@4译
702  0 @a满涛@AMan Tao@4校
801    @aCN@bTSTC@c20030616
905    @f1@b29548@dI13@e14:1
    
    关山飞渡/(美)达·尼科乐斯著/林秀清译/陈叙一校;黄牛惨案/(美)拉马·特罗蒂著/张建译/满涛校.-北京:中国电影出版社,1980.5
    224页;19cm.-(外国电影剧本丛书)
    
    
    ISBN :CNY0.58
    
●
相关链接 在E读中查询图书 在五车中查询图书 在当当中查询图书 在豆瓣中查询图书


正题名:关山飞渡     索取号:I13/14:1         预约/预借

序号 登录号 条形码 馆藏地/架位号 状态 备注
1 0029548   001812587   密集书库/ [索取号:I13/14:1] 在馆    
2 0029549   001800661   第二借阅区/ [索取号:I13/14:1] 在馆    
唐山师范学院图书馆 欢迎您!
大连网信软件有限公司© 版权所有